On the geological structure of the Karanpura coalfields, Bihar and Orissa, (Record no. 26476)

MARC details
000 -LEADER
fixed length control field 01026cam a22002651 4500
001 - CONTROL NUMBER
control field gs 26000267
003 - CONTROL NUMBER IDENTIFIER
control field DLC
005 - DATE AND TIME OF LATEST TRANSACTION
control field 20260227111330.0
008 - FIXED-LENGTH DATA ELEMENTS--GENERAL INFORMATION
fixed length control field 851119s1925 ii abf f000 0 eng c
010 ## - LIBRARY OF CONGRESS CONTROL NUMBER
LC control number gs 26000267
035 ## - SYSTEM CONTROL NUMBER
System control number (OCoLC)12820777
040 ## - CATALOGING SOURCE
Original cataloging agency U. S. Geol. Survey. Library
Transcribing agency TxHR
Modifying agency DLC
042 ## - AUTHENTICATION CODE
Authentication code premarc
050 00 - LIBRARY OF CONGRESS CALL NUMBER
Classification number QE295
Item number .A4 vol. 52, pt. 1
051 ## - LIBRARY OF CONGRESS COPY, ISSUE, OFFPRINT STATEMENT
Classification number QE295
Item number .J6
100 1# - MAIN ENTRY--PERSONAL NAME
Personal name Jowett, Albert.
245 10 - TITLE STATEMENT
Title On the geological structure of the Karanpura coalfields, Bihar and Orissa,
Statement of responsibility, etc. by Albert Jowett.
260 ## - PUBLICATION, DISTRIBUTION, ETC.
Place of publication, distribution, etc. Calcutta,
Name of publisher, distributor, etc. Government of India Central Publication Branch,
Date of publication, distribution, etc. 1925.
300 ## - PHYSICAL DESCRIPTION
Extent iv, 144 p. incl. illus., tables, diagrs.
Other physical details 14 pl. (part fold., incl. maps, diagrs.)
Dimensions 27 cm.
440 #0 - SERIES STATEMENT/ADDED ENTRY--TITLE
Title Memoirs of the Geological Survey of India,
Volume/sequential designation vol. LII, pt. 1
500 ## - GENERAL NOTE
General note Three colored folded maps and seven folded diagrams in pocket.
650 #0 - SUBJECT ADDED ENTRY--TOPICAL TERM
Topical term or geographic name entry element Coal
Geographic subdivision India
-- Bihar and Orissa.
650 #0 - SUBJECT ADDED ENTRY--TOPICAL TERM
Topical term or geographic name entry element Geology
Geographic subdivision India
-- Bihar and Orissa.
740 0# - ADDED ENTRY--UNCONTROLLED RELATED/ANALYTICAL TITLE
Uncontrolled related/analytical title Karanpura coalfields, Bihar and Orissa.

No items available.

Powered by Koha